000 00319 a2200157 4500
001 64448
020 _a8516039668
040 _cAnchieta - Pituba
100 _aAlencar, José de
240 1 0 _aLucíola
_lpor
245 1 0 _aLucíola
300 _a119
362 0 _a2004
650 4 _aFicção brasileira
942 _cBK
999 _c64448
_d64448